Flaggen aller Staaten (zufällige Reihenfolge) - Statistiken

Allgemein
  • Dieses Quiz wurde 50 mal gespielt
  • Das Durchschnittsergebnis liegt bei 178 aus 196
Antwortstatistiken
Bildquiz Antwort % Korrekt
Ägypten
100%
Argentinien
100%
Bulgarien
100%
Finnland
100%
Iran
100%
Malta
100%
Nordkorea
100%
Schweden
100%
Albanien
98%
Australien
98%
Belgien
98%
Bosnien und Herzegowina
98%
Brasilien
98%
China
98%
Dänemark
98%
Deutschland
98%
Elfenbeinküste
98%
Estland
98%
Frankreich
98%
Georgien
98%
Griechenland
98%
Indien
98%
Irland
98%
Island
98%
Israel
98%
Italien
98%
Jamaika
98%
Japan
98%
Kanada
98%
Katar
98%
Kosovo
98%
Kroatien
98%
Lettland
98%
Liechtenstein
98%
Marokko
98%
Mexiko
98%
Nepal
98%
Neuseeland
98%
Niederlande
98%
Nigeria
98%
Nordmazedonien
98%
Norwegen
98%
Österreich
98%
Pakistan
98%
Peru
98%
Polen
98%
Portugal
98%
Russland
98%
Saudi-Arabien
98%
Schweiz
98%
Singapur
98%
Slowakei
98%
Slowenien
98%
Spanien
98%
Sri Lanka
98%
Südafrika
98%
Südkorea
98%
Thailand
98%
Tschechien
98%
Tunesien
98%
Türkei
98%
Ukraine
98%
Vatikanstadt
98%
Venezuela
98%
Vereinigtes Königreich
98%
Vereinigte Staaten
98%
Vietnam
98%
Zypern
98%
Bangladesch
95%
Barbados
95%
Costa Rica
95%
Ghana
95%
Indonesien
95%
Irak
95%
Kambodscha
95%
Libanon
95%
Luxemburg
95%
Malaysia
95%
Montenegro
95%
Rumänien
95%
San Marino
95%
Senegal
95%
Seychellen
95%
Taiwan
95%
Tschad
95%
Afghanistan
93%
Algerien
93%
Belarus
93%
Bhutan
93%
Chile
93%
Ecuador
93%
Föderierte Staaten von Mikronesien
93%
Kenia
93%
Kolumbien
93%
Kuba
93%
Litauen
93%
Madagaskar
93%
Monaco
93%
Palau
93%
Panama
93%
Philippinen
93%
Serbien
93%
Sudan
93%
Ungarn
93%
Uruguay
93%
Angola
90%
Bahamas
90%
Bahrain
90%
Demokratische Republik Kongo
90%
Dominikanische Republik
90%
El Salvador
90%
Fidschi
90%
Kasachstan
90%
Laos
90%
Lesotho
90%
Mauretanien
90%
Niger
90%
Tansania
90%
Turkmenistan
90%
Uganda
90%
Vereinigte Arabische Emirate
90%
Zentralafrikanische Republik
90%
Honduras
88%
Jemen
88%
Kap Verde
88%
Malediven
88%
Moldawien
88%
Myanmar
88%
Papua-Neuguinea
88%
Republik Kongo
88%
Ruanda
88%
Syrien
88%
Togo
88%
Tonga
88%
Andorra
85%
Armenien
85%
Aserbaidschan
85%
Äthiopien
85%
Botswana
85%
Burkina Faso
85%
Gambia
85%
Haiti
85%
Kamerun
85%
Mauritius
85%
Mongolei
85%
Oman
85%
Paraguay
85%
Trinidad und Tobago
85%
Usbekistan
85%
Äquatorial-Guinea
83%
Belize
83%
Benin
83%
Brunei
83%
Dominica
83%
Guatemala
83%
Guinea
83%
Guinea-Bissau
83%
Jordanien
83%
Kirgisistan
83%
Kiribati
83%
Komoren
83%
Kuwait
83%
Liberia
83%
Libyen
83%
Mali
83%
Marshallinseln
83%
Mosambik
83%
Nicaragua
83%
Sierra Leone
83%
Somalia
83%
St. Vincent und die Grenadinen
83%
Südsudan
83%
Tadschikistan
83%
Tuvalu
83%
Bolivien
80%
Dschibuti
80%
Eswatini
80%
Grenada
80%
Malawi
80%
Namibia
80%
Nauru
80%
Osttimor
80%
Sambia
80%
Samoa
80%
Simbabwe
80%
St. Lucia
80%
Antigua und Barbuda
78%
Burundi
78%
Eritrea
78%
Gabun
78%
Guyana
78%
São Tomé und Príncipe
78%
Suriname
78%
Salomonen
73%
Vanuatu
73%
St. Kitts und Nevis
70%
Keine übereinstimmenden Quizze gefunden
Verteilung der Resultate
Anzahl Personen mit jedem Resultat
Perzentil nach korrekt beantworteten Fragen
Ihre Resultats-Entwicklung
Sie haben dieses Quiz noch nicht gespielt